| 000 | 00370nam a2200157 a 4500 | ||
|---|---|---|---|
| 003 | 0 | ||
| 005 | 20240109080034.0 | ||
| 008 | 100922s19uu xx 00 eng d | ||
| 050 |
_aFIC _bK93 2009 |
||
| 100 | _aKrueger, Jim | ||
| 245 | _aTomo 6 : truth revealed | ||
| 260 |
_aManila, Philippines : _bOMF, _c2009. |
||
| 440 | _aTomo | ||
| 942 |
_2lcc _cBK |
||
| 999 |
_c110806 _d110806 |
||